000 01746cam a22003731i 4500
003 SA-RiAUC
005 20250417075435.0
008 250416s1990 le g b 001 0 ara c
040 _aSA-RiAUC
_bara
_cSA-RiAUC
_erda
050 4 _b.T43 1990
082 0 4 _a257.1
_qSA-RiAUC
090 _a257.1
_b ث ع ا
100 1 _aالثعالبي، عبد الملك بن محمد بن إسماعيل،
_d350-429 هجري
_eمؤلف.
245 1 0 _aآداب الملوك /
_cتأليف عبد الملك بن محمد بن إسماعيل الثعالبي ؛ تحقيق خليل العطية.
250 _aالطبعة الأولى.
264 1 _aبيروت :
_bدار الغرب الإسلامي،
_c1990
300 _a287 صفحة ؛
_c24 سم
336 _aنص
_btxt
_2rdacontent
_3كتاب
337 _aبدون وسيط
_bn
_2rdamedia
338 _aمجلد
_bnc
_2rdacarrier
500 _aكشاف : صفحة 259-280.
500 _aيشتمل على صفحة عنوان باللغة الإنجليزية.
504 _aببليوجرافية : صفحة 247-256.
650 7 _aتعليم الأمراء
_2aucsh
650 7 _aالأحكام السلطانية
_2aucsh
650 7 _aالإسلام
_xجوانب سياسية
_2aucsh
650 7 _aالنظام السياسي في الإسلام
_2aucsh
650 7 _aنظم الحكم في الإسلام
_2aucsh
650 7 _aالملوك والحكام
_vتراجم
_2aucsh
700 1 2 _iتحقيق لـ (عمل) :
_aالثعالبي، عبد الملك بن محمد بن إسماعيل،
_d350-429 هجري.
_tآداب الملوك.
700 1 _aالعطية، جليل إبراهيم،
_d1940-
_eمحقق.
942 _2ddc
_cBOOK
_n0
949 _aSA-JeALM
_d250416
_umohamedma123
_n1
999 _c7129
_d7129